[Event "Horodok-800 years IM"]
[Site "Horodok UKR"]
[Date "2013.02.15"]
[Round "6"]
[White "Berlin,D"]
[Black "Osmak,Iulija"]
[Result "1/2-1/2"]
[WhiteElo "2065"]
[BlackElo "2180"]

1.c4 c6 2.e4 d5 3.exd5 cxd5 4.cxd5 Nf6 5.Qa4+ Bd7 6.Qb3 Qb6 7.Bc4 Na6 8.Nc3 g6
9.Nf3 Bg7 10.O-O O-O 11.Qxb6 axb6 12.d3 b5 13.Nxb5 Nxd5 14.Nbd4 Nab4 15.Bd2 e5
16.Ne2 b5 17.Bxd5 Nxd5 18.a3 Bf5 19.Ne1 b4 20.Ng3 Be6 21.Nc2 b3 22.Nb4 Nb6
23.Ne4 Na4 24.Rab1 Rac8 25.Nc3 Nc5 26.Rbd1 Rfd8 27.Be3 Nb7 28.f3 f5 29.g3 Nc5
30.Rfe1 Bf7 31.Kg2 Rd7 32.Bf2 Ne6 33.Ncd5 Rcd8 34.Nb6 Rb7 35.Nc4 e4 36.fxe4 fxe4
37.Rxe4 Ng5 38.Ree1 Bxc4 39.dxc4 Rxd1 40.Rxd1 Bxb2 41.c5 Bxa3 42.c6 Rxb4
43.c7 Rc4 44.Rd8+ Kf7 45.c8=Q Rxc8 46.Rxc8 Ne4 47.Rb8 Nxf2 48.Kxf2 b2 49.Ke2 Ke6
50.Kd3 Kf5 51.h3 Bd6 52.Rb5+ Be5 53.Ke3 h5 54.Kf3 Ke6 55.g4 Kd6 56.Ke4 Kc6
57.Rb3 Bf6 58.gxh5 gxh5 59.Kf5 Bd4 60.Kg5  1/2-1/2

[Event "17th Lienz Open 2013"]
[Site "Lienz AUT"]
[Date "2013.02.15"]
[Round "8.18"]
[White "Stadik,Wolfgang"]
[Black "Flatz,H"]
[Result "1-0"]
[WhiteElo "2048"]
[BlackElo "1930"]

1.c4 c6 2.g3 Nf6 3.Bg2 d5 4.Nf3 Bf5 5.cxd5 cxd5 6.Qb3 Qc7 7.Nc3 e6 8.d3 Be7
9.Bf4 Qb6 10.Qxb6 axb6 11.Nd4 Bg6 12.e4 Nc6 13.Ndb5 O-O 14.O-O d4 15.Ne2 Nb4
16.Rfd1 Nxa2 17.Nexd4 Nb4 18.Bf1 Ra5 19.Rac1 Bc5 20.Rc4 Ng4 21.Bc7 Nc6 22.b4 Nxb4
23.Rxc5 bxc5 24.Bxa5 b6 25.Bxb4 cxb4 26.Rb1 Ra8 27.h3 Ne5 28.f4 Nd7 29.f5  1-0

[Event "Aeroflot Open Rapid KO"]
[Site "Moscow RUS"]
[Date "2013.02.15"]
[Round "2.1"]
[White "Iturrizaga,E"]
[Black "Sjugirov,S"]
[Result "1/2-1/2"]
[WhiteElo "2646"]
[BlackElo "2646"]

1.c4 c6 2.Nf3 d5 3.d4 Nf6 4.Nc3 dxc4 5.a4 Bf5 6.Ne5 Nbd7 7.Nxc4 Nb6 8.Ne5 a5
9.f3 Nfd7 10.Nxd7 Nxd7 11.e4 Bg6 12.Be3 Qb6 13.Qd2 e5 14.dxe5 Bc5 15.Rd1 O-O
16.Bd4 Rad8 17.Qf2 Bxd4 18.Rxd4 Nxe5 19.Rxd8 Qxf2+ 20.Kxf2 Rxd8 21.Be2 f6
22.f4 Nd3+ 23.Ke3 Nc5 24.Rd1 Rxd1 25.Bxd1 Kf8 26.Kd4 Ne6+ 27.Ke3 Nc5 28.Kd4 Ne6+
29.Ke3 Nc5  1/2-1/2

[Event "Novy Bor Open A 2013"]
[Site "Novy Bor CZE"]
[Date "2013.02.15"]
[Round "8"]
[White "Vavrinec,T"]
[Black "Svobodova,M"]
[Result "1-0"]
[WhiteElo "2018"]
[BlackElo "2051"]

1.c4 c6 2.Nf3 d5 3.g3 Nf6 4.Bg2 Bg4 5.Ne5 Be6 6.O-O dxc4 7.a4 Nbd7 8.Nf3 Qa5
9.Qc2 g6 10.Nd4 Qe5 11.Nxe6 Qxe6 12.Re1 a5 13.Ra3 Bh6 14.b3 Nb6 15.bxc4 Nxc4
16.Rc3 Nd6 17.Rxc6 O-O 18.Rc5 Rfc8 19.d4 Bxc1 20.Rxc1 Rxc5 21.dxc5 Rc8 22.Qb2 Nde4
23.Qxb7 Rxc5 24.Rxc5 Nxc5 25.Qa8+ Kg7 26.Qxa5 Qxe2 27.Qxc5 Qd1+ 28.Bf1 Qxb1
29.a5 Ne4 30.Qd4+ f6 31.a6 Qe1 32.Qe3 Qb1 33.Kg2 f5 34.Qd4+ Kh6 35.Bd3 Qa2
36.a7 e5 37.Qe3+ g5 38.Bxe4 fxe4 39.h4 Kg7 40.Qxg5+ Kf7 41.Qf5+ Kg7 42.Qxe5+ Kf7
43.Qxe4 Qxa7 44.Qxh7+  1-0

[Event "Vladimir Petrov Memorial"]
[Site "Jurmala LAT"]
[Date "2013.02.16"]
[Round "7.4"]
[White "Malakhov,V"]
[Black "Starostits,I"]
[Result "1-0"]
[WhiteElo "2709"]
[BlackElo "2470"]

1.c4 c6 2.Nf3 d5 3.e3 Nf6 4.d4 Bf5 5.Nc3 e6 6.Nh4 Bg4 7.Qb3 Qb6 8.h3 Bh5
9.g4 Bg6 10.Nxg6 hxg6 11.g5 Nh5 12.Qxb6 axb6 13.h4 Na6 14.Bd2 Be7 15.Rg1 O-O
16.f4 Nb4 17.Kf2 c5 18.cxd5 cxd4 19.exd4 Nc2 20.Rd1 Nxd4 21.Bh3 exd5 22.Be3 Ne6
23.Nxd5 Bc5 24.f5 Rxa2 25.fxe6 fxe6+ 26.Nf6+ Nxf6 27.Bxe6+ Kh7 28.Bxa2 Nd5+
29.Ke2 Nxe3 30.Rd7 Re8 31.Bf7 Re5 32.Rh1 Nf5+ 33.Kd1 Ng3 34.Rh3 Ne4 35.h5  1-0

[Event "17th Lienz Open 2013"]
[Site "Lienz AUT"]
[Date "2013.02.16"]
[Round "9.17"]
[White "Savio,A1"]
[Black "Knoll,Martin"]
[Result "0-1"]
[WhiteElo "2018"]
[BlackElo "2081"]

1.c4 c6 2.e4 g6 3.Nc3 Bg7 4.g3 d6 5.Bg2 e5 6.Nf3 Bg4 7.Qb3 Qb6 8.Qxb6 axb6
9.d3 Nd7 10.Be3 Ne7 11.h3 Bxf3 12.Bxf3 O-O 13.O-O f5 14.Bg5 Bf6 15.Bd2 Nc5
16.Be2 g5 17.Be3 f4 18.Bxc5 bxc5 19.Rfb1 Ng6 20.Bh5 Ne7 21.Bd1 Kg7 22.Kg2 Kg6
23.a4 h5 24.g4 hxg4 25.Bxg4 Rfb8 26.Ra3 Ng8 27.Nd1 Bd8 28.f3 Nh6 29.Nf2 Ba5
30.Rh1 Rh8 31.Raa1 Bd2 32.Nd1 Kf6 33.b3 Ke7 34.Ra2 Bb4 35.Nf2 Bc3 36.Rb1 Rhb8
37.Rh1 Rh8 38.Rb1 Ra6 39.Rh1 Rb6 40.Rb1 Ra8 41.h4 gxh4 42.Kh3 Rh8 43.Nd1 Ba5
44.Kxh4 Nf5+ 45.Kg5 Ng3 46.Ne3 fxe3 47.Rg2 e2  0-1

[Event "Aeroflot Open Rapid Final"]
[Site "Moscow RUS"]
[Date "2013.02.16"]
[Round "2.1"]
[White "Kamsky,G"]
[Black "Eljanov,P"]
[Result "1/2-1/2"]
[WhiteElo "2740"]
[BlackElo "2678"]

1.c4 c6 2.e4 d5 3.exd5 cxd5 4.d4 Nf6 5.Nc3 Nc6 6.Bg5 dxc4 7.Bxc4 h6 8.Be3 e6
9.Nf3 Bd6 10.O-O O-O 11.Qd2 Ne7 12.Rad1 a6 13.Bd3 Nf5 14.Bf4 b5 15.Ne4 Bxf4
16.Qxf4 Bb7 17.Nxf6+ Qxf6 18.Bxf5 Qxf5 19.Qxf5 exf5 20.d5 Rad8 21.d6 Bxf3
22.gxf3 Rfe8 23.Rd2 Re6 24.d7 Kf8 25.Rfd1 Ke7 26.Kf1 g6 27.b3 Rc6 28.Re2+ Re6
29.Red2 Rc6 30.Re2+ Re6  1/2-1/2

[Event "Novy Bor Open A 2013"]
[Site "Novy Bor CZE"]
[Date "2013.02.16"]
[Round "9"]
[White "Vetter,U"]
[Black "Wasik,Joz"]
[Result "1/2-1/2"]
[WhiteElo "1722"]
[BlackElo "1828"]

1.c4 c6 2.Nc3 d5 3.cxd5 cxd5 4.d4 Nf6 5.Nf3 Nc6 6.Bg5 Ne4 7.Bf4 e6 8.e3 Qa5
9.Qb3 Bb4 10.Rc1 O-O 11.Bd3 Bxc3+ 12.bxc3 b6 13.O-O Ba6 14.Bxa6 Qxa6 15.c4 dxc4
16.Qxc4 Qxc4 17.Rxc4  1/2-1/2

[Event "US Amateur Team East 2013"]
[Site "Parsippany USA"]
[Date "2013.02.16"]
[Round "2"]
[White "Yeliseyev,I"]
[Black "Miller,D"]
[Result "1/2-1/2"]
[WhiteElo "2121"]
[BlackElo "2244"]

1.c4 c6 2.d4 d5 3.Nf3 Nf6 4.e3 e6 5.Nbd2 Nbd7 6.Bd3 Bd6 7.e4 e5 8.O-O O-O
9.cxd5 cxd5 10.exd5 exd4 11.Ne4 Nxe4 12.Bxe4 Nc5 13.Qxd4 Nxe4 14.Qxe4 Re8
15.Qd4 Bf5 16.Bg5 f6 17.Bh4 Re4 18.Qd1 Qb6 19.Bg3 Rd8 20.Bxd6 Qxd6 21.Qb3 Qb4
22.Rfd1 Bg4 23.Qxb4 Rxb4 24.Rd2 Bxf3 25.gxf3 Kf7 26.Rc1 Rd7 27.Rc5 Ke7 28.a3 Rb3
29.Kg2 Kd6 30.Rc4 Re7 31.Re4 Re5 32.Rg4  1/2-1/2

[Event "Vladimir Petrov Memorial"]
[Site "Jurmala LAT"]
[Date "2013.02.17"]
[Round "14.1"]
[White "Ivanchuk,V"]
[Black "Sandipan,C"]
[Result "0-1"]
[WhiteElo "2758"]
[BlackElo "2590"]

1.c4 c6 2.e4 d5 3.exd5 cxd5 4.d4 Nf6 5.Nc3 Nc6 6.Bf4 g6 7.c5 Bg7 8.Bb5 O-O
9.Nge2 Ne4 10.O-O Nxc3 11.bxc3 Na5 12.Qa4 f6 13.Rad1 e5 14.dxe5 fxe5 15.Be3 Be6
16.f4 Qc7 17.fxe5 Bxe5 18.Nf4 Bxf4 19.Rxf4 a6 20.Be2 Nc4 21.Rxf8+ Rxf8 22.Bxc4 dxc4
23.Rd6 Qf7 24.Qd1 Bg4 25.Qe1 Bd7 26.Bd4 Bc6 27.h4 Re8 28.Qg3 Qf5 29.Rf6 Qe4
30.Kh2 Qd5 31.Rxg6+ Kf7 32.Qc7+ Kxg6 33.Qg7+ Kf5 34.Qf6+ Kg4 35.Qg7+ Kf4
36.Qh6+ Ke4 37.Qe3+ Kf5 38.Qh3+ Kg6 39.Qg4+ Kf7  0-1

[Event "US Amateur Team East 2013"]
[Site "Parsippany USA"]
[Date "2013.02.17"]
[Round "4"]
[White "Lee,Micha"]
[Black "Mchugh,Edward F"]
[Result "1-0"]
[WhiteElo "2393"]
[BlackElo "2189"]

1.c4 c6 2.e4 d5 3.cxd5 cxd5 4.exd5 Nf6 5.Nc3 Nxd5 6.Nf3 e6 7.Bc4 Nc6 8.O-O Be7
9.d4 O-O 10.Re1 Bf6 11.Ne4 Nce7 12.a3 b6 13.Qd3 Bb7 14.Nfg5 h6 15.Nh7 Nf5
16.Nxf8 Kxf8 17.Be3 Rc8 18.Rac1 Ndxe3 19.fxe3 Rxc4 20.Rxc4 Qd5 21.Qc2 Qxe4
22.Rc8+ Bd8 23.Qxe4 Bxe4 24.Rxd8+ Ke7 25.Rc8 Kd7 26.Rec1 Nxe3 27.R8c7+ Kd6
28.Rxf7 Nf5 29.Rxa7 Nxd4 30.Kf2 g6 31.Ra6  1-0

[Event "Iceland-China Friendly Match"]
[Site "Reykjavik ISL"]
[Date "2013.02.17"]
[Round "12.4"]
[White "Tan Zhongyi"]
[Black "Bjornsson,Si"]
[Result "1/2-1/2"]
[WhiteElo "2466"]
[BlackElo "2391"]

1.c4 c6 2.d4 d5 3.Nf3 Nf6 4.Nc3 e6 5.Bg5 h6 6.Bh4 dxc4 7.e4 g5 8.Bg3 b5 9.Be2 Bb7
10.Ne5 Nbd7 11.Qc2 Be7 12.Rd1 Qb6 13.h4 g4 14.Nxg4 Nxg4 15.Bxg4 Rg8 16.Bf3 a6
17.Bf4 O-O-O 18.Bxh6 Rh8 19.Be3 Bxh4 20.g3 Be7 21.Rxh8 Rxh8 22.b3 cxb3 23.axb3 Bb4
24.Kf1 Qa5 25.Ne2 Kb8 26.Kg2 Rc8 27.Nf4 c5 28.d5 Ne5 29.dxe6 Nxf3 30.Kxf3 fxe6
31.Nxe6 Qb6 32.Rd6 Qa5 33.Bf4 Ka8 34.Qd1 c4 35.Rd7 Qa2 36.Nc7+ Rxc7 37.Bxc7 Qxb3+
38.Qxb3 cxb3 39.Be5 a5 40.Bd4 Bc8 41.Rc7 Be6 42.Ke3 a4 43.Rc6 Bc4 44.e5 a3
45.Rh6 b2 46.Rh1 Ba2 47.e6 Bxe6 48.Rb1 Bf5 49.Rxb2 axb2 50.Bxb2 Kb7 51.Kf4 Bd7
52.g4 Kc6 53.g5 Bd2+ 54.Ke5 Bxg5 55.f4 Be7 56.f5 Bd6+ 57.Ke4 Be8 58.Bc3 Bf7
59.Bb2 Bc5 60.Ke5 Bd6+ 61.Kf6 Bc4 62.Kg7 Kd7 63.f6 Ke8 64.Kg6 Bf7+ 65.Kg7 Bf8+
66.Kh7 Kd7 67.Bc1 b4 68.Kh8 b3 69.Bb2 Ke6 70.Kh7 Bd6 71.Kg7 Bf4 72.Kh7 Be5
73.Ba3 b2 74.Bxb2 Bxb2 75.Kg7 Bxf6+ 76.Kf8 Bg6 77.Kg8 Kf5 78.Kf8 Bh5 79.Kg8 Be7
80.Kg7 Ke6 81.Kh6 Bf7 82.Kg7 Bf6+ 83.Kh6 Kf5 84.Kh7 Bg6+ 85.Kh6 Be8  1/2-1/2

[Event "ch-ROU 2013"]
[Site "Baile Olanesti ROU"]
[Date "2013.02.19"]
[Round "5.45"]
[White "Cornea,A"]
[Black "Ionita,I"]
[Result "1/2-1/2"]
[WhiteElo "1897"]
[BlackElo "1741"]

1.c4 c6 2.g3 e5 3.Bg2 Nf6 4.Nc3 Bb4 5.Qb3 Bxc3 6.Qxc3 Qe7 7.Nf3 d6 8.d4 e4
9.Ng5 h6 10.Nh3 O-O 11.b4 a6 12.O-O Bf5 13.e3 Re8 14.Nf4 Nbd7 15.Bb2 g5 16.Ne2 d5
17.a4 Nb6 18.c5 Nbd7 19.Qb3 Bg4 20.Nc3 Qe6 21.b5 Bf3 22.Nb1 axb5 23.axb5 Rxa1
24.Bxa1 Ra8 25.Nd2 Be2 26.bxc6 bxc6 27.Re1 Bb5 28.Bc3 g4 29.Qb2 Nh7 30.Bf1 Bxf1
31.Kxf1 Ng5 32.Ra1 Rxa1+ 33.Qxa1 Nf3 34.Ke2 Kg7 35.Qh1 Nxd2 36.Bxd2 Qf5 37.Ba5 Qf3+
38.Qxf3 gxf3+ 39.Kf1 h5 40.h3 f5 41.Bc7 Kg6 42.Ke1 Kf6 43.Kd2 Ke6 44.Kc3 Nf6
45.Kd2 Nh7 46.Bf4 Kf6 47.Ke1 Kg6  1/2-1/2

[Event "Moscow Gov Cup A Rapid"]
[Site "Moscow RUS"]
[Date "2013.02.19"]
[Round "6.7"]
[White "Dragomarezkij,E"]
[Black "Romanko,M"]
[Result "1-0"]
[WhiteElo "2363"]
[BlackElo "2349"]

1.c4 c6 2.Nf3 d5 3.b3 Nf6 4.Bb2 e6 5.g3 Nbd7 6.Bg2 b6 7.O-O Bb7 8.d4 Bd6
9.Nc3 O-O 10.Nd2 c5 11.cxd5 exd5 12.Nc4 Be7 13.Ne3 cxd4 14.Qxd4 Bc5 15.Qf4 Bxe3
16.Qxe3 Re8 17.Qd4 Nc5 18.Rfd1 Nce4 19.e3 Qe7 20.Rac1 Rac8 21.Bh3 Rc7 22.Nb5 Rxc1
23.Rxc1 Ba6 24.Nc7 Bc8 25.Nxd5 Qf8 26.Rxc8 Rxc8 27.Bxc8  1-0

[Event "ch-Central Serbia w 2013"]
[Site "Pozarevac SRB"]
[Date "2013.02.19"]
[Round "2.1"]
[White "Velickovski Nejkovic,M"]
[Black "Benderac,A"]
[Result "1/2-1/2"]
[WhiteElo "2137"]
[BlackElo "2226"]

1.c4 c6 2.e4 e5 3.Nf3 d6 4.d4 Qc7 5.h3 Be7 6.Nc3 Nd7 7.Be3 Ngf6 8.Be2 O-O
9.O-O Re8 10.Qc2 a5 11.Rac1 Bf8  1/2-1/2

[Event "Moscow Gov Cup A Rapid"]
[Site "Moscow RUS"]
[Date "2013.02.20"]
[Round "7.10"]
[White "Klyuev,A"]
[Black "Mischuk,D"]
[Result "0-1"]
[WhiteElo "2227"]
[BlackElo "2330"]

1.c4 c6 2.Nf3 d5 3.d4 Nf6 4.g3 dxc4 5.Bg2 e6 6.O-O b5 7.Ne5 Bb7 8.a4 Qc8
9.b3 cxb3 10.Qxb3 a6 11.Ba3 Bxa3 12.Qxa3 Nbd7 13.Nd2 Qc7 14.f4 Qb6 15.e3 b4
16.a5 Qb5 17.Qb3 c5 18.Ndc4 Ke7 19.Bxb7 Qxb7 20.Nxf7 cxd4 21.exd4 Rhb8 22.Rae1 Qd5
23.Nfe5 Kf8 24.f5 Qxd4+ 25.Kg2 Qd5+ 26.Kh3 exf5 27.Rxf5 Kg8 28.g4 Nc5 29.Qg3 Nce4
30.Qe3 g6 31.Nxg6 Qxc4 32.Ne7+ Kh8 33.Qh6 Nf2+ 34.Kg2 Qxg4+ 35.Kxf2 Qxf5+
36.Nxf5 Ng4+  0-1

[Event "Moscow Gov Cup A Rapid"]
[Site "Moscow RUS"]
[Date "2013.02.20"]
[Round "9.6"]
[White "Belous,V"]
[Black "Romanko,M"]
[Result "1-0"]
[WhiteElo "2553"]
[BlackElo "2349"]

1.c4 c6 2.d4 d5 3.e3 Nf6 4.Bd3 e6 5.Nf3 Nbd7 6.b3 b6 7.O-O Bb7 8.Bb2 Be7
9.Nbd2 O-O 10.Ne5 dxc4 11.Ndxc4 c5 12.Nxd7 Nxd7 13.Qg4 cxd4 14.Rad1 e5 15.exd4 Nf6
16.Qg3 e4 17.d5 Qxd5 18.Be2 Qe6 19.Ne3 Rad8 20.Qc7 Rd7 21.Qg3 Bd6 22.Qh4 Be5
23.Bc4 Qe8 24.Ba3 Rxd1 25.Rxd1 Qb8 26.Bxf8 Kxf8 27.Qh3 Qc7 28.g3 h5 29.Qf1 g6
30.Qe1 Kg7 31.Qd2 h4 32.Kg2 hxg3 33.hxg3 a6 34.Qd8 b5 35.Qxc7 Bxc7 36.Bd5 Nxd5
37.Nxd5 Be5 38.Ne3 Bc6 39.Rc1 Bd7 40.Rc5 Bb8 41.Nc2 Kf8 42.Kf1 Ke7 43.Ne3 Bd6
44.Rc2 b4 45.Ke1 Bb5 46.Rc8 Kd7 47.Ra8 Ke6 48.Rc8 f5 49.Nc4 Be7 50.Rb8 Bf6
51.Rb6+ Ke7 52.Ne3 Bc3+ 53.Kd1 Kf7 54.Rd6 Bd3 55.Nd5 Be5 56.Rb6 a5 57.Nf4 Bb1
58.Rb5 Bxf4 59.gxf4 Bxa2 60.Kc2  1-0

[Event "Reykjavik Open 2013"]
[Site "Reykjavik ISL"]
[Date "2013.02.20"]
[Round "2.60"]
[White "De Winter,E"]
[Black "Mihajlov,Sv"]
[Result "0-1"]
[WhiteElo "1823"]
[BlackElo "2071"]

1.c4 c6 2.g3 Nf6 3.Nc3 d5 4.cxd5 cxd5 5.d4 Nc6 6.Bg2 Bf5 7.Nf3 e6 8.a3 h6
9.O-O Bd6 10.e3 Rc8 11.Bd2 Bd3 12.Re1 O-O 13.Bf1 Bxf1 14.Kxf1 a6 15.b4 b5
16.Qb3 Qb6 17.Kg2 Qb7 18.Kg1 Ne4 19.Rec1 Rc7 20.Be1 Nxc3 21.Rxc3 Rfc8 22.Bd2 Nb8
23.Rac1 Nd7 24.Ne1 Nb6 25.Nd3 Nc4 26.Be1 a5 27.Nc5 Bxc5 28.bxc5 Qc6 29.R3c2 f5
30.Qd3 Rf8 31.Rb1 Rb7 32.f4 g5 33.Kg2 Rff7 34.Bf2 Rg7 35.Kf3 Qe8 36.Kg2 Qb8
37.Be1 gxf4 38.exf4 Qxf4 39.Bd2 Qg4 40.Bxh6 Rh7 41.Bf4 Rh3 42.Re1 Rbh7 43.Kg1 Qxf4  0-1

[Event "Reykjavik Open 2013"]
[Site "Reykjavik ISL"]
[Date "2013.02.20"]
[Round "3.59"]
[White "Thompson,I"]
[Black "Birgisson,Ingvar Orn"]
[Result "1-0"]
[WhiteElo "2260"]
[BlackElo "1953"]

1.c4 c6 2.Nf3 d5 3.e3 Nf6 4.Nc3 e6 5.b3 Nbd7 6.Bb2 Be7 7.d4 O-O 8.Bd3 dxc4
9.bxc4 Re8 10.O-O b6 11.e4 e5 12.d5 c5 13.a4 Bd6 14.Nb5 Nf8 15.a5 bxa5 16.Qa4 a6
17.Nxd6 Qxd6 18.Bc3 Ng6 19.g3 Bg4 20.Nd2 Nh5 21.f3 Bh3 22.Rf2 Ngf4 23.gxf4 Nxf4
24.Bf1 Bxf1 25.Raxf1 h5 26.Kh1 h4 27.Nb3 h3 28.Qc6 Qe7 29.Qxc5 Qg5 30.Rg1 Qh4
31.Qe3 a4 32.Nd2 Rab8 33.Ra1 Rb7 34.c5 Qh5 35.c6  1-0

[Event "ch-ROU 2013"]
[Site "Baile Olanesti ROU"]
[Date "2013.02.21"]
[Round "7.12"]
[White "Miroiu,G"]
[Black "Veneteanu,I"]
[Result "1-0"]
[WhiteElo "2314"]
[BlackElo "2152"]

1.c4 c6 2.Nf3 d5 3.d4 e6 4.Qc2 f5 5.g3 Nf6 6.Bg2 Bd6 7.Bf4 O-O 8.Nbd2 Ne4
9.Bxd6 Qxd6 10.Ne5 Nxd2 11.Qxd2 Nd7 12.f4 Nxe5 13.dxe5 Qe7 14.Rc1 b6 15.cxd5 cxd5
16.Kf2 Bb7 17.a3 Rfc8 18.Qb4 Rc5 19.Rxc5 Qxc5+ 20.Qxc5 bxc5 21.Rc1 Rc8 22.b4 c4
23.Bf3 Bc6 24.Ke3 Ba4 25.Kd4 Kf8 26.g4 g6 27.h4 Ke7 28.h5 Be8 29.h6 Rc7 30.Kc3 Kd8
31.Rg1 fxg4 32.Bxg4 Ke7 33.e3 Ba4 34.Bf3 Bc6 35.Bd1 a6 36.Bc2 Be8 37.e4 dxe4
38.Bxe4 Ba4 39.Rg2 Bb5 40.Rd2 Rc8 41.Rd4 Rf8 42.Bc2 Bc6 43.Rxc4 Kd7 44.Kd2 Bd5
45.Rd4 Kc6 46.Bd3 Ra8 47.Ke3 a5 48.a4 axb4 49.Rxb4 Kc5 50.Rb5+ Kc6 51.a5 Ra7
52.a6 Kc7 53.Rc5+ Kd8 54.Bb5 Ra8 55.Kd4 Ra7 56.Rxd5+  1-0

[Event "ch-Central Serbia 2013"]
[Site "Pozarevac SRB"]
[Date "2013.02.21"]
[Round "5.17"]
[White "Rajkovic,Ljubi"]
[Black "Brankovan,Mario"]
[Result "1-0"]
[WhiteElo "2148"]
[BlackElo "1924"]

1.c4 c6 2.e4 d6 3.d4 g6 4.Nc3 Bg7 5.Be3 Na6 6.Qd2 Nc7 7.f3 a6 8.a4 a5 9.g3 h5
10.Nh3 Bd7 11.Nf2 Na6 12.Be2 Qc7 13.O-O Nb4 14.Rac1 Rd8 15.Kg2 f5 16.exf5 Bxf5
17.d5 Nf6 18.Nce4 Bxe4 19.Nxe4 Nxe4 20.fxe4 Kd7 21.Rf7 Bf6 22.Rf1 Be5 23.Bd4 Bxd4
24.Qxd4 Kc8 25.Qa7 c5 26.Rg7 h4 27.Bg4+  1-0

[Event "ch-Central Serbia 2013"]
[Site "Pozarevac SRB"]
[Date "2013.02.21"]
[Round "6.17"]
[White "Ivkovic,Milos"]
[Black "Ratkovic,Miloj"]
[Result "1-0"]
[WhiteElo "1934"]
[BlackElo "2249"]

1.c4 c6 2.Nc3 d5 3.cxd5 cxd5 4.d4 Nf6 5.Nf3 Nc6 6.e3 a6 7.Be2 Bf5 8.a3 e6
9.O-O Bd6 10.b4 O-O 11.Bb2 Qe7 12.Rc1 Nd7 13.Bd3 Bg4 14.Be2 Rfc8 15.Nd2 Bxe2
16.Qxe2 Nb6 17.Rc2 a5 18.b5 Na7 19.Ndb1 Nc4 20.a4 Nxb2 21.Rxb2 Rc4 22.e4 Rac8
23.exd5 b6 24.dxe6 Rxc3 25.Nxc3 Rxc3 26.exf7+ Qxf7 27.Qe4 Nc8 28.Rc2 Rxc2
29.Qxc2 Ne7 30.Rc1 h6 31.g3 Qd5 32.Qc4 Kf7 33.Kf1 Kf6 34.Qxd5 Nxd5 35.Ke2 Nb4
36.Ke3 Ke6 37.Ke4 Kd7 38.Kf5 Be7 39.f4 Bf6 40.Ke4 Kd6 41.g4 Ke6 42.Rc7 Kd6
43.Rc3 Bd8 44.Rg3 Nd5 45.g5 h5 46.h4 Ne7 47.f5 g6 48.fxg6 Nxg6 49.Rh3 Ke6
50.d5+ Kf7 51.Kd4 Bc7 52.Rf3+ Kg7 53.Re3 Bd6 54.Re6 Bg3 55.d6 Bxh4 56.d7 Bxg5
57.Rxb6 Nf8 58.Rd6 Kf7 59.b6 Ne6+ 60.Rxe6  1-0

[Event "Reykjavik Open 2013"]
[Site "Reykjavik ISL"]
[Date "2013.02.21"]
[Round "4.22"]
[White "Bewersdorff,O"]
[Black "Oleksienko,M"]
[Result "0-1"]
[WhiteElo "2335"]
[BlackElo "2568"]

1.c4 c6 2.d4 d5 3.Nc3 Nf6 4.e3 Bf5 5.cxd5 cxd5 6.Qb3 Bc8 7.Nf3 Nc6 8.Ne5 e6
9.Bb5 Bd7 10.Nxd7 Qxd7 11.O-O Bd6 12.Bd2 O-O 13.Rac1 Rac8 14.Bd3 Qe7 15.Rfd1 Bb8
16.g3 g6 17.a3 Kg7 18.Ne2 Bd6 19.Rc2 Rc7 20.Rdc1 Rfc8 21.Bc3 a6 22.Kg2 Kg8
23.Qa4 Ne4 24.f3 Nf6 25.f4 Ne4 26.Bxe4 dxe4 27.Qb3 Na7 28.Ba5 Rxc2 29.Rxc2 Rxc2
30.Qxc2 f5 31.Qc4 b5 32.Qb3 Kf7 33.d5 Bc5 34.Bb4 Bxb4 35.axb4 Qd6 36.Nc3 Nc8
37.dxe6+ Qxe6 38.Qa3 Ne7 39.Kf2 Kg7 40.h3 Kf8 41.Ne2 Nd5 42.Nc3 Nc7 43.Ne2 Qc4
44.b3 Qc2 45.Qa1 Qxb3 46.Qh8+ Qg8 47.Qe5 Qg7 48.Qd6+ Qe7 49.Qd4 Ke8 50.Nc3 h5
51.Qb6 Kf7 52.Qd4 Ne6 53.Qe5 Qf6 54.Qxf6+ Kxf6 55.g4 h4 56.Nd5+ Kf7 57.g5 Ke8
58.Ke2 Kd7 59.Kd2 Nc7 60.Nb6+ Kc6 61.Nc8 Nd5  0-1

[Event "Reykjavik Open 2013"]
[Site "Reykjavik ISL"]
[Date "2013.02.22"]
[Round "5.15"]
[White "Dziuba,M"]
[Black "Bartholomew,J"]
[Result "1-0"]
[WhiteElo "2602"]
[BlackElo "2435"]

1.c4 c6 2.g3 d5 3.Nf3 Nf6 4.Bg2 dxc4 5.O-O Bf5 6.a4 e6 7.Na3 Qd5 8.b3 cxb3
9.d3 Bg4 10.Nc4 Na6 11.Nfe5 Qd8 12.Qxb3 Nb4 13.Nxf7 Kxf7 14.Ne5+ Ke8 15.Nxg4 Qc8
16.Ne5 Bd6 17.Nc4 Be7 18.Rb1 Qd8 19.a5 Nfd5 20.Bd2 c5 21.d4 cxd4 22.e4 dxe3
23.fxe3 Nc6 24.Qxb7 Qc8 25.Qb2 Rg8 26.Qc2 g6 27.e4 Ndb4 28.Bxb4 Nxb4 29.Qa4+ Qd7
30.Rxb4 Bxb4 31.Qxb4 Rd8 32.e5 Qd4+ 33.Kh1  1-0

[Event "Reykjavik Open 2013"]
[Site "Reykjavik ISL"]
[Date "2013.02.22"]
[Round "5.35"]
[White "Guramishvili,S"]
[Black "Newrkla,K"]
[Result "1/2-1/2"]
[WhiteElo "2414"]
[BlackElo "2135"]

1.c4 c6 2.Nf3 d5 3.e3 Nf6 4.Qc2 e6 5.b3 Nbd7 6.Bb2 Bd6 7.Be2 O-O 8.g4 e5
9.Nc3 e4 10.Nd4 Nc5 11.h3 Be6 12.O-O-O a5 13.cxd5 cxd5 14.Kb1 a4 15.bxa4 Qa5
16.Nb3 Nxb3 17.axb3 Rfc8 18.Rc1 Qb4 19.d4 exd3 20.Qxd3 Qxb3 21.Qb5 Qxb5 22.Bxb5 Ne4
23.f4 f6 24.Rhd1 Bc5 25.f5 Bf7 26.Nxd5 Nf2 27.Rd2 Ne4 28.Rd4 Bxd4 29.Ne7+ Kf8
30.Rxc8+ Rxc8 31.Nxc8 Bxe3 32.Ba3+ Bc5 33.Bxc5+ Nxc5 34.Kb2 Bd5 35.Kc3 Bg2
36.Kd4 Nb3+ 37.Kc3 Nc5 38.Kd4 Nb3+ 39.Kc3 Nc5  1/2-1/2

[Event "ch-ROU 2013"]
[Site "Baile Olanesti ROU"]
[Date "2013.02.23"]
[Round "10.14"]
[White "Grecescu,G"]
[Black "Manole,S"]
[Result "1-0"]
[WhiteElo "2391"]
[BlackElo "2126"]

1.c4 c6 2.Nf3 d5 3.b3 Nf6 4.Bb2 Bf5 5.g3 e6 6.Bg2 Nbd7 7.O-O Be7 8.d3 O-O
9.Nbd2 Bg6 10.Qc2 Qc7 11.Nh4 Rfd8 12.Nxg6 hxg6 13.d4 a5 14.a3 Rac8 15.c5 b5
16.b4 a4 17.Nf3 Nf8 18.Ne5 N6d7 19.e3 f5 20.g4 Bf6 21.f4 Nxe5 22.dxe5 Be7
23.Bd4 Kf7 24.Rf3 Nd7 25.Bf1 Rh8 26.Bd3 Rcf8 27.Rg3 Bh4 28.Rg2 Rh6 29.Kh1 Rfh8
30.Ra2 Nf8 31.Kg1 Bd8 32.Kf1 Rh3 33.Qf2 Qe7 34.Qg1 Qh4 35.Raf2 Qh7 36.Rc2 Qh4
37.Bc3 Qh7 38.Ke1 Qh4+ 39.Kd1 Qe7 40.gxf5 exf5 41.Bxf5  1-0

[Event "29th Open"]
[Site "Cappelle la Grande FRA"]
[Date "2013.02.23"]
[Round "1.24"]
[White "Miezis,N"]
[Black "Sedina,E"]
[Result "1-0"]
[WhiteElo "2572"]
[BlackElo "2349"]

1.c4 c6 2.e4 d5 3.exd5 cxd5 4.cxd5 Nf6 5.Bb5+ Nbd7 6.Nc3 g6 7.d4 a6 8.Qa4 Bg7
9.Nf3 O-O 10.Bxd7 Bxd7 11.Qb3 b5 12.O-O a5 13.Bg5 b4 14.Bxf6 exf6 15.Ne4 Re8
16.Nc5 Bb5 17.Rfe1 Qb6 18.Re3 Rxe3 19.fxe3 f5 20.a3 f4 21.axb4 a4 22.Qc3 fxe3
23.Qxe3 Qd6 24.Re1 Qxd5 25.Qe4 Rd8 26.Qxd5 Rxd5 27.Kh1 Rd8 28.h3 Bxd4 29.Nb7 Rd5
30.Rd1 Be2 31.Rxd4 Bxf3 32.Rxd5 Bxd5 33.Na5 Kf8 34.b5 Ke7 35.b6 Kd6 36.Kg1 Kc5
37.b7 Bxb7 38.Nxb7+ Kc4 39.Kf2 f5 40.Ke3 g5 41.g3 h6 42.Kd2 Kb3 43.Nc5+ Kb4
44.Nd7 Kb3 45.Nb6 Kxb2 46.Nxa4+ Kb3 47.Nb6 Kb4 48.Nd5+ Kc5 49.Ne7 f4 50.gxf4 Kd4
51.Ke2 Ke4 52.fxg5 hxg5 53.Kf2 Kf4 54.Nd5+ Ke5 55.Ne3 Ke4 56.Ng2  1-0

[Event "29th Open"]
[Site "Cappelle la Grande FRA"]
[Date "2013.02.23"]
[Round "1.23"]
[White "Radovanovic,J"]
[Black "Nabaty,T"]
[Result "1/2-1/2"]
[WhiteElo "2350"]
[BlackElo "2573"]

1.c4 c6 2.d4 d5 3.cxd5 cxd5 4.Nf3 Nf6 5.Nc3 Nc6 6.Bf4 Nh5 7.Be5 f6 8.Bg3 e5
9.e3 e4 10.Nd2 Nxg3 11.hxg3 Be6 12.Rc1 Rc8 13.Bb5 a6 14.Be2 f5 15.Na4 Kf7
16.a3 Bd6 17.Nb3 Qg5 18.Rh5 Qe7 19.Nbc5 g6 20.Rh1 Nd8 21.Nxe6 Qxe6 22.Rxc8 Qxc8
23.Nb6 Qc6 24.Qb3 Kg7 25.Kd2 Bc7 26.Nxd5 Ba5+ 27.Nb4 Qd6 28.Kc2 Ne6 29.Kb1 Rc8
30.Rc1 Rxc1+ 31.Kxc1 b5 32.Nc2 Nc5 33.dxc5 Qd2+ 34.Kb1 Qxe2 35.Nd4 Qxf2 36.Qe6 Kh6
37.Qf6 Qf1+ 38.Ka2 Qc4+ 39.Nb3 Be1 40.g4 a5 41.Qf8+ Kg5 42.Qd8+ Kxg4 43.Qd1+ Kg5
44.Qxe1 a4 45.Qg3+ Kh5  1/2-1/2

[Event "21st Fajr Open"]
[Site "Mashhad IRI"]
[Date "2013.02.23"]
[Round "6.2"]
[White "Azaladze,S"]
[Black "Pourramezanali,A"]
[Result "1/2-1/2"]
[WhiteElo "2466"]
[BlackElo "2376"]

1.c4 c6 2.Nf3 d5 3.g3 Nf6 4.Bg2 Bg4 5.Ne5 Bf5 6.cxd5 cxd5 7.Nc3 e6 8.g4 Bg6
9.h4 h6 10.Nxg6 fxg6 11.g5 hxg5 12.hxg5 Rxh1+ 13.Bxh1 Qd6 14.Qa4+ Nfd7 15.Qg4 Qh2
16.Bf3 Ne5 17.Qxe6+ Be7 18.Qg8+ Bf8 19.Qe6+ Be7 20.Qg8+ Bf8 21.Qe6+ Be7  1/2-1/2

[Event "ch-ROU 2013"]
[Site "Baile Olanesti ROU"]
[Date "2013.02.24"]
[Round "11.5"]
[White "Anton,T"]
[Black "Dobre,ClC"]
[Result "1-0"]
[WhiteElo "2437"]
[BlackElo "2292"]

1.c4 c6 2.e4 d5 3.cxd5 cxd5 4.exd5 Nf6 5.Nc3 Nxd5 6.Nf3 Nc6 7.Bc4 e6 8.O-O Be7
9.d4 O-O 10.Bxd5 exd5 11.Qb3 Bb4 12.Qxd5 Bg4 13.Be3 Qxd5 14.Nxd5 Rfd8 15.Nxb4 Nxb4
16.a3 Bxf3 17.gxf3 Nc6 18.Rfd1 Rd5 19.Rac1 Rad8 20.b4 a6 21.Rc5 f5 22.f4 Kf7
23.Rxd5 Rxd5 24.Kf1 Ke6 25.Ke2 Rd7 26.Kd3 Kd5 27.Rb1 Na7 28.Rc1 b6 29.a4 Nc6
30.Rc4 Rc7 31.Kc3 Rb7 32.Bc1 Rb8 33.a5 Kd6 34.axb6 Rxb6 35.Rc5 Rb5 36.Bd2 Rxc5+
37.dxc5+ Kd5 38.Be3 g6 39.Kb3 Na7 40.Ka4 Kc6 41.Bd2 Nb5 42.Bc1 Na7 43.Bb2 Kd5
44.Ka5 Nc6+ 45.Kxa6 Nxb4+ 46.Kb5 Nc6 47.f3 Ne7 48.Bc1 Nc6 49.Be3 Nb8 50.h4 Nc6
51.Kb6 Nb4 52.Bf2 Nc6 53.Kc7 Nb4 54.Kd7 Nc6 55.Bg1 Nb4 56.Ke7 Nc6+ 57.Kf6 Nb4
58.Kg7 Ke6 59.Kxh7 Kf7 60.Bd4 Nc6 61.Bc3 Nd8 62.Kh6 Nc6 63.Kg5 Nd8 64.Kh6 Nc6
65.Be5 Nd8 66.Bc7 Nc6 67.Be5 Nd8 68.Kh7 Nc6 69.Bd6 Nd8 70.Kh6 Nc6 71.Kg5 Nd4
72.h5 gxh5 73.Kxh5 Nc6 74.Be5 Nb4 75.Kh6 Ke8 76.Kg7 Ke7 77.Bd6+ Ke6 78.Kf8 Nc6
79.Ke8 Nd4 80.Kd8 Nb5 81.Be7 Nd4 82.Bh4 Nc6+ 83.Kc7 Nb4 84.Bf2 Kd5 85.Kd7 Nc6
86.Be3 Nb4 87.Ke7 Kc6 88.Ke6 Nd5 89.Bd4 Nxf4+ 90.Kxf5 Ne2 91.Ke5 Kd7 92.f4  1-0